| 000 | 01244nam a22004337a 4500 | ||
|---|---|---|---|
| 001 | 0051170 | ||
| 003 | KOHA_MİRAKIL | ||
| 005 | 20260207003755.0 | ||
| 007 | ta | ||
| 008 | 150629b2013 tu |||gr||||#||||0|tur | | ||
| 020 | _a9786056403033 | ||
| 040 |
_aTR-BiSEU _btur _cTR-BiSEU _erda |
||
| 041 | 0 | _atur | |
| 044 | _ctu | ||
| 050 |
_aB4249 _b.L46 2013 |
||
| 100 | 1 | _aLenin, V.. | |
| 245 | 1 |
_aFelsefe defterleri/ _cV. Lenin ; V. Lenin ; çeviri Atilla Tokatlı. |
|
| 264 | 1 |
_aİstanbul : _bMinör Yayınları _c2013 |
|
| 300 |
_a551 sayfa ; _c25 cm. |
||
| 336 |
_ametin _btxt _2rdacontent |
||
| 337 |
_aaracısız _bn _2rdamedia |
||
| 338 |
_acilt _bnc _2rdacarrier |
||
| 650 | 0 |
_aLenin, Vladimir Ilyich Lenin, -1870-1924 _994934 |
|
| 650 | 0 |
_aFelsefe. _93265 |
|
| 650 | 0 |
_aDiyalektik Materyalizm. _994935 |
|
| 650 | 0 |
_aKarl Marx. _994936 |
|
| 650 | 0 |
_aFriedrich Engels. _994937 |
|
| 650 | 0 |
_aHegel. _994938 |
|
| 650 | 0 |
_aFichte. _994939 |
|
| 650 | 0 |
_aDescartes. _994940 |
|
| 650 | 0 |
_aLeibniz. _994941 |
|
| 650 | 0 |
_aFeuerbach. _994942 |
|
| 650 | 0 |
_aSchelling. _994943 |
|
| 650 | 0 |
_aMach. _994944 |
|
| 650 | 0 |
_aBerkeley. _994945 |
|
| 650 | 0 |
_aLassalle. _994946 |
|
| 650 | 0 |
_aSovyetler Birliği. _912584 |
|
| 942 |
_2lcc _cBK |
||
| 999 |
_c50996 _d50996 |
||